Promoting Parental Leave for Immigrant Fathers: what Role Does Policy Play?
Guardat en:
| Autor principal: | |
|---|---|
| Altres autors: | , |
| Format: | Llibre |
| Idioma: | English |
| Accés en línia: | texto completo |
| Etiquetes: |
Afegir etiqueta
Sense etiquetes, Sigues el primer a etiquetar aquest registre!
|
MARC
| LEADER | 00000nam a22000007a 4500 | ||
|---|---|---|---|
| 003 | cru CIDCACS/IIS | ||
| 005 | 20181024111521.0 | ||
| 007 | ta | ||
| 008 | 181024s2017 -uk|||p|r||||||0| ||eng | | ||
| 999 | |c 41829 |d 41829 | ||
| 040 | |c cru CIDCACS/IIS | ||
| 100 | 1 | |9 7854 |a Tervola, Jussi | |
| 245 | 1 | |a Promoting Parental Leave for Immigrant Fathers: |b what Role Does Policy Play? |c Jussi Tervola, Ann-Zofie Duvander, Eleonora Mussino | |
| 300 | |a páginas 269-297: |b tablas, gráficos | ||
| 700 | 1 | |9 7855 |a Duvander, Ann-Zofie | |
| 700 | 1 | |9 7856 |a Mussino, Eleonora | |
| 773 | 0 | |0 40836 |9 2348 |d Reino Unido : Oxford University Press |o 18929 |t Social Politics: |x 10724745 | |
| 856 | |u https://academic.oup.com/sp/article/24/3/269/4036279 |y texto completo | ||
| 942 | |2 ddc |c PP | ||
